|
|
|
|
| LEADER |
00000cas a22000001a 4500 |
| 001 |
vtls008883071 |
| 003 |
SK-MaSNL |
| 005 |
20260228161439.0 |
| 008 |
141119d19691991xo mr p 0 0 b0slo d |
| 022 |
|
|
|a 0231-7214
|
| 035 |
|
|
|a (SVKBB03)vtls000122725
|
| 040 |
|
|
|a SVKBB
|b slo
|c SVKBB
|d SNK
|e AACR2
|
| 041 |
0 |
|
|a slo
|
| 044 |
|
|
|a xo
|c SK
|
| 072 |
|
7 |
|a 78
|x Hudba
|2 konspekt
|
| 072 |
|
7 |
|a 793.3
|x Pohybové umenie. Tanec
|2 konspekt
|
| 072 |
|
7 |
|a 784
|x Vokálna hudba
|2 konspekt
|
| 080 |
|
|
|a 78
|2 2001
|
| 080 |
|
|
|a 050
|2 2001
|
| 080 |
|
|
|a 793.3
|2 2001
|
| 080 |
|
|
|a 784.9
|2 2001
|
| 210 |
0 |
|
|a Rytmus
|b (Bratisl.)
|
| 222 |
|
0 |
|a Rytmus
|b (Bratislava)
|
| 245 |
0 |
0 |
|a Rytmus
|b časopis pre hudobné, spevácke a tanečné súbory záujmovej umeleckej činnosti
|
| 260 |
|
|
|a Bratislava
|b Obzor
|c 1969-1991
|
| 300 |
|
|
|a 23 zv.
|c 29 cm
|
| 310 |
|
|
|a 1x mesačne
|
| 362 |
0 |
|
|a Č. 1 (1969)-roč. XLII, č. 3 (1991)
|
| 500 |
|
|
|a Ved. red. 1969-1975, Ľuba Hornoveská ; 1/1976-3/1981, Viera Smreková ; 4/1981-3/1991, Milan Beniak
|
| 500 |
|
|
|a Vydavateľské inštitúcie sa v priebehu rokov menili
|
| 525 |
|
|
|a Rok 1969-1970 obsahuje prílohu Metronóm a Pop club
|
| 650 |
0 |
7 |
|a hudba
|2 SNKPH
|9 1063
|
| 650 |
0 |
7 |
|a tanec
|2 SNKPH
|9 743
|
| 650 |
0 |
7 |
|a spev
|2 SNKPH
|9 3420
|
| 655 |
|
7 |
|a časopisy pre voľný čas
|2 SNKPH
|9 70337
|
| 700 |
1 |
|
|a Hornoveská, Ľuba,
|d 1926-1987
|4 pbd
|9 125118
|
| 700 |
1 |
|
|a Smreková, Viera
|4 pbd
|9 268634
|
| 700 |
1 |
|
|a Beniak, Milan,
|d 1932-2004
|4 pbd
|9 18690
|
| 780 |
0 |
0 |
|t Hudba, spev, tanec
|x 0441-3873
|w 10307026
|
| 852 |
|
|
|a Štátna vedecká knižnica v Banskej Bystrici
|
| 910 |
|
|
|a snk
|
| 916 |
|
|
|a 1969-1991
|
| 999 |
|
|
|c 5381
|d 7311
|
| 952 |
|
|
|0 0
|1 0
|4 0
|7 0
|8 0
|a SNK
|b SNK
|d 1997-03-12
|f 1
|i snkČSP 1055/87
|l 0
|o snkČSB 1532/37[36]/1986
|p 17A0053073
|r 2005-01-02 00:00:00
|t č. 1-12
|w 2026-02-21
|y PREZ
|
| 952 |
|
|
|0 0
|1 0
|4 0
|7 0
|8 0
|a SNK
|b SNK
|d 1997-03-12
|f 1
|i snkČSP 4133/88
|l 0
|o snkČSB 1532/38[37]/1987
|p 17A0053062
|r 2005-01-02 00:00:00
|t č. 1-12
|w 2026-02-21
|y PREZ
|
| 952 |
|
|
|0 0
|1 0
|4 0
|7 0
|a SNK
|b SNK
|d 2002-11-18
|l 0
|o snkČSB 1532/38[37]/1987 D1
|p 17A0364486
|r 2005-01-02 00:00:00
|w 2026-02-21
|y PREZ
|
| 952 |
|
|
|0 0
|1 0
|4 0
|7 0
|8 0
|a SNK
|b SNK
|d 1997-04-04
|f 1
|i snkČSP 1621/91
|l 0
|o snkČSB 1532/41[40]/1990
|p 17A0057844
|r 2005-01-02 00:00:00
|t č. 1-12
|w 2026-02-21
|y PREZ
|
| 952 |
|
|
|0 0
|1 0
|4 0
|7 0
|a SNK
|b SNK
|d 2013-11-28
|i snkČSP 4125/90
|l 0
|o snkČSB 1532/40/1989 D1
|p 17A1023112
|r 2026-02-21 19:32:52
|t č. 1-12
|w 2026-02-21
|y PREZ
|
| 952 |
|
|
|0 0
|1 0
|4 0
|7 0
|a SNK
|b SNK
|d 2013-11-25
|i snkČSP 3334/86
|l 0
|o snkČSB 1532/36/1985 D1
|p 17A1023122
|r 2026-02-21 19:32:57
|t č. 1-12
|w 2026-02-21
|y PREZ
|
| 952 |
|
|
|0 0
|1 0
|4 0
|7 0
|a SNK
|b SNK
|d 2014-09-25
|i snkČSP 28/73
|l 0
|o snkČSB 1532/1972
|p 17A1076666
|r 2026-02-21 19:33:48
|w 2026-02-21
|y PREZ
|
| 952 |
|
|
|0 0
|1 0
|4 0
|7 0
|a SNK
|b SNK
|d 1997-06-06
|f 1
|i snkČSP 433/85
|l 0
|o snkČSB 1532/35[34]/1984
|p 17A0070888
|r 2005-01-02 00:00:00
|t č. 1-12
|w 2026-02-21
|y PREZ
|
| 952 |
|
|
|0 0
|1 0
|4 0
|7 0
|a SNK
|b SNK
|d 2010-12-02
|i snkČSP 1710/76
|l 0
|o snkČSB 1532/26[25]/1975 D2
|p 17A0677678
|r 2026-02-21 19:56:02
|t č. 1-12
|w 2026-02-21
|y PREZ
|
| 952 |
|
|
|0 0
|1 0
|4 0
|7 0
|a SNK
|b SNK
|d 2011-07-25
|i snkČSP 778/76
|l 0
|o snkČSB 1532/27[26]/1976 D1
|p 17A0708945
|r 2026-02-21 20:06:56
|t č. 1-12
|w 2026-02-21
|y PREZ
|
| 952 |
|
|
|0 0
|1 0
|4 0
|7 0
|a SNK
|b SNK
|d 1998-10-16
|f 1
|i snkČSP 29/73
|l 0
|o snkČSB 1532/[22]/1972
|p 17A0164284
|r 2005-01-02 00:00:00
|t č. 1-12
|w 2026-02-21
|y PREZ
|
| 952 |
|
|
|0 0
|1 0
|4 0
|7 0
|a SNK
|b SNK
|d 1997-10-24
|f 1
|i snkČSP 98/70
|l 0
|o snkČSB 1532/[19]/1969
|p 17A0104164
|r 2005-01-02 00:00:00
|t č. 1-12
|w 2026-02-21
|y PREZ
|
| 952 |
|
|
|0 0
|1 0
|3 rekatalogizácia
|4 0
|7 0
|a SNK
|b SNK
|d 2007-10-12
|i snkČSP 434/85
|l 0
|o snkČSB 1532/35[34]/1984 D1
|p 17A0565187
|r 2026-02-21 20:14:53
|t č. 1-12
|w 2026-02-21
|y PREZ
|
| 952 |
|
|
|0 0
|1 0
|4 0
|7 0
|a SNK
|b SNK
|d 1998-10-16
|f 1
|i snkČSP 480/75
|l 0
|o snkČSB 1532/[24]/1974
|p 17A0164324
|r 2005-01-02 00:00:00
|t č. 1-12
|w 2026-02-21
|y PREZ
|
| 952 |
|
|
|0 0
|1 0
|4 0
|7 0
|a SNK
|b SNK
|d 2011-09-24
|i snkČSP 780/84
|l 0
|o snkČSB 1532/34/[33]/1983 D1
|p 17A0709268
|r 2026-02-21 20:16:53
|t č. 1-12
|w 2026-02-21
|y PREZ
|
| 952 |
|
|
|0 0
|1 0
|4 0
|7 0
|a SNK
|b SNK
|d 2011-09-19
|i snkČSP 1622/91
|l 0
|o snkČSB 1532/41[40]/1990 D1
|p 17A0698812
|r 2026-02-21 20:16:59
|t č. 1-12
|w 2026-02-21
|y PREZ
|
| 952 |
|
|
|0 0
|1 0
|4 0
|7 0
|a SNK
|b SNK
|d 2012-02-17
|i snkČSP 479/75
|l 0
|o snkČSB 1532/24/1974 D1
|p 17A7633533
|r 2026-02-21 20:17:30
|w 2026-02-21
|y PREZ
|
| 952 |
|
|
|0 0
|1 0
|4 0
|7 0
|a SNK
|b SNK
|d 2011-10-08
|i snkČSP 132/74
|l 0
|o snkČSB 1532/[23]/1973 D1
|p 17A0709149
|r 2026-02-21 20:22:44
|t č. 1-12
|w 2026-02-21
|y PREZ
|
| 952 |
|
|
|0 0
|1 0
|4 0
|7 0
|a SNK
|b SNK
|d 2011-10-08
|i snkČSP 237/78
|l 0
|o snkČSB 1532/29[28]/1978 D1
|p 17A0709150
|r 2026-02-21 20:22:44
|t č. 1-12
|w 2026-02-21
|y PREZ
|
| 952 |
|
|
|0 0
|1 0
|4 0
|7 0
|a SNK
|b SNK
|d 1997-07-22
|f 1
|i snkČSP 4127/90
|l 0
|o snkČSB 1532/40[39]/1989
|p 17A0084348
|r 2005-01-02 00:00:00
|t č. 1-12
|w 2026-02-21
|y PREZ
|
| 952 |
|
|
|0 0
|1 0
|4 0
|7 0
|a SNK
|b SNK
|d 1997-10-08
|f 1
|i snkČSP 517/83
|l 0
|o snkČSB 1532/33[32]/1982
|p 17A0101074
|r 2005-01-02 00:00:00
|t č. 1-12
|w 2026-02-21
|y PREZ
|
| 952 |
|
|
|0 0
|1 0
|4 0
|7 0
|a SNK
|b SNK
|d 1997-10-08
|f 1
|i snkČSP 579/82
|l 0
|o snkČSB 1532/32[31]/1981
|p 17A0101122
|r 2005-01-02 00:00:00
|t č. 1-12
|w 2026-02-21
|y PREZ
|
| 952 |
|
|
|0 0
|1 0
|4 0
|7 0
|a SNK
|b SNK
|d 1997-10-08
|f 1
|i snkČSP 345/92
|l 0
|o snkČSB 1532/42[41]/1991
|p 17A0099351
|r 2005-01-02 00:00:00
|t č. 1-3
|w 2026-02-21
|y PREZ
|
| 952 |
|
|
|0 0
|1 0
|4 0
|7 0
|a SNK
|b SNK
|d 1998-10-16
|l 0
|o snkČSB 1532/42[41]/1991 D1
|p 17A0164326
|r 2005-01-02 00:00:00
|w 2026-02-21
|y PREZ
|
| 952 |
|
|
|0 0
|1 0
|4 0
|7 0
|a SNK
|b SNK
|d 1997-10-08
|f 1
|i snkČSP 300/81
|l 0
|o snkČSB 1532/31[30]/1980
|p 17A0099114
|r 2005-01-02 00:00:00
|t č. 1-12
|w 2026-02-21
|y PREZ
|
| 952 |
|
|
|0 0
|1 0
|4 0
|7 0
|a SNK
|b SNK
|d 1997-10-08
|f 1
|i snkČSP 3125/89
|l 0
|o snkČSB 1532/39[38]/1988
|p 17A0101031
|r 2005-01-02 00:00:00
|t č. 1-12
|w 2026-02-21
|y PREZ
|
| 952 |
|
|
|0 0
|1 0
|4 0
|7 0
|a SNK
|b SNK
|d 1997-10-08
|f 1
|i snkČSP 3333/85
|l 0
|o snkČSB 1532/36[35]/1985
|p 17A0098625
|r 2005-01-02 00:00:00
|t č. 1-12
|w 2026-02-21
|y PREZ
|
| 952 |
|
|
|0 0
|1 0
|4 0
|7 0
|a SNK
|b SNK
|d 1997-10-08
|f 1
|i snkČSP 779/84
|l 0
|o snkČSB 1532/34[33]/1983
|p 17A0098626
|r 2005-01-02 00:00:00
|t č. 1-12
|w 2026-02-21
|y PREZ
|
| 952 |
|
|
|0 0
|1 0
|4 0
|7 0
|a SNK
|b SNK
|d 1998-03-11
|f 1
|i snkČSP 777/77
|l 0
|o snkČSB 1532/28[27]/1977
|p 17A0127607
|r 2005-01-02 00:00:00
|t č. 1-12
|w 2026-02-21
|y PREZ
|
| 952 |
|
|
|0 0
|1 0
|4 0
|7 0
|a SNK
|b SNK
|d 1998-03-20
|f 1
|i snkČSP 777/77
|l 0
|o snkČSB 1532/27[26]/1976
|p 17A0129588
|r 2005-01-02 00:00:00
|t č. 1-12
|w 2026-02-21
|y PREZ
|
| 952 |
|
|
|0 0
|1 0
|4 0
|7 0
|a SNK
|b SNK
|d 1998-03-26
|l 0
|o snkČSB 1532/27[26]/1976 D2
|p 17A0131383
|r 2005-01-02 00:00:00
|w 2026-02-21
|y PREZ
|
| 952 |
|
|
|0 0
|1 0
|4 0
|7 0
|a SNK
|b SNK
|d 1998-10-16
|f 1
|i snkČSP 236/78
|l 0
|o snkČSB 1532/29[28]/1978
|p 17A0164164
|r 2005-01-02 00:00:00
|t č. 1-12
|w 2026-02-21
|y PREZ
|
| 952 |
|
|
|0 0
|1 0
|4 0
|7 0
|a SNK
|b SNK
|d 2004-08-16
|i snkČSP 412/80
|l 0
|o snkČSB 1532/30[29]/1979 D1
|p 17A0440151
|r 2005-01-02 00:00:00
|w 2026-02-21
|y PREZ
|
| 952 |
|
|
|0 0
|1 0
|4 0
|7 0
|a SNK
|b SNK
|d 1998-10-16
|f 1
|i snkČSP 131/74
|l 0
|o snkČSB 1532/[23]/1973
|p 17A0164325
|r 2005-01-02 00:00:00
|t č. 1-12
|w 2026-02-21
|y PREZ
|
| 952 |
|
|
|0 0
|1 0
|4 0
|7 0
|a SNK
|b SNK
|d 1998-10-16
|f 1
|i snkČSP 411/80
|l 0
|o snkČSB 1532/30[29]/1979
|p 17A0166001
|r 2005-01-02 00:00:00
|t č. 1-12
|w 2026-02-21
|y PREZ
|
| 952 |
|
|
|0 0
|1 0
|4 0
|7 0
|a SNK
|b SNK
|d 1998-10-16
|f 1
|i snkČSP 977/76
|l 0
|o snkČSB 1532/26[25]/1975
|p 17A0164331
|r 2005-01-02 00:00:00
|t č. 1-12
|w 2026-02-21
|y PREZ
|
| 952 |
|
|
|0 0
|1 0
|4 0
|7 0
|a SNK
|b SNK
|d 1998-10-16
|f 1
|i snkČSP 342/72
|l 0
|o snkČSB 1532/[21]/1971
|p 17A0164399
|r 2005-01-02 00:00:00
|t č. 1-12
|w 2026-02-21
|y PREZ
|
| 952 |
|
|
|0 0
|1 0
|3 rekatalogizácia
|4 0
|7 0
|a SNK
|b SNK
|d 2007-10-12
|i snkČSP 580/82
|l 0
|o snkČSB 1532/32[32]/1981 D1
|p 17A0565188
|r 2026-02-21 21:22:20
|t č. 1-12
|w 2026-02-21
|y PREZ
|
| 952 |
|
|
|0 0
|1 0
|3 rekatalogizácia
|4 0
|7 0
|a SNK
|b SNK
|d 2007-10-12
|i snkČSP 1056/84
|l 0
|o snkČSB 1532/37[36]/1986 D1
|p 17A0565186
|r 2026-02-21 21:22:20
|t č. 1-12
|w 2026-02-21
|y PREZ
|
| 952 |
|
|
|0 0
|1 0
|3 rekatalogizácia
|4 0
|7 0
|a SNK
|b SNK
|d 2007-10-12
|i snkČSP 3126/89
|l 0
|o snkČSB 1532/39[38]/1988 D1
|p 17A0565197
|r 2026-02-21 21:22:20
|t č. 1-12
|w 2026-02-21
|y PREZ
|
| 952 |
|
|
|0 0
|1 0
|4 0
|7 0
|a SNK
|b SNK
|d 2013-01-25
|i snkČSP 778/77
|l 0
|o snkČSB 1532/28[27]/1977 D1
|p 17A1053705
|r 2026-02-21 21:23:50
|w 2026-02-21
|y PREZ
|
| 952 |
|
|
|0 0
|1 0
|4 0
|7 0
|a SNK
|b SNK
|d 2009-01-26
|i snkČSP 518/83
|l 0
|o snkČSB 1532/33[32]/1982 D1
|p 17A0606555
|r 2026-02-21 21:30:17
|t č. 1-12
|w 2026-02-21
|y PREZ
|
| 952 |
|
|
|0 0
|1 0
|4 0
|7 0
|a SNK
|b SNK
|d 1996-12-04
|f 1
|i snkČSP 178/71
|l 0
|o snkČSB 1532/[20]/1970
|p 17A0024693
|r 2005-01-01 00:00:00
|t č. 1-12
|w 2026-02-21
|y PREZ
|
| 952 |
|
|
|0 0
|1 0
|4 0
|7 0
|a SNK
|b SNK
|d 1999-12-03
|l 0
|o snkČSB 1532/[20]/1970 D1
|p 17A0220706
|r 2005-01-01 00:00:00
|w 2026-02-21
|y PREZ
|
| 952 |
|
|
|0 0
|1 0
|4 0
|7 0
|a SNK
|b SNK
|d 2010-03-06
|i snkČSP 301/81
|l 0
|o snkČSB 1532/31[30]/1980 D1
|p 17A0648732
|r 2026-02-21 21:41:53
|t č. 1-12
|w 2026-02-21
|y PREZ
|
| 952 |
|
|
|0 0
|1 0
|4 0
|7 0
|a SNK
|b SNK
|d 2018-05-17
|i snkČSP 27/73
|l 0
|o snkČSB 1532/[21]/1971 D1
|p 17A1153843
|r 2026-02-21 22:05:35
|t č. 1-12
|w 2026-02-21
|y PREZ
|
| 952 |
|
|
|0 0
|1 0
|4 0
|7 0
|a SNK
|b SNK
|d 2018-05-17
|i snkČSP 177/71
|l 0
|o snkČSB 1532/[19]/1969 D1
|p 17A1153842
|r 2026-02-21 22:05:35
|t č. 1-12
|w 2026-02-21
|y PREZ
|